000 00517nam a2200181Ia 4500
001 8248
003 GE_BSU
008 181216s||||||||xx |||||||||||||| ||und||
040 _cGE_BSU
245 _aПсихология обучения, №10 октябрь 2013.
245 _cгл. ред. Б.П.Бархаев и др.
260 _aмосква.
260 _bИздателство СГУ.
260 _c2013.октябрь
300 _a162ст.24см.
653 _aპერიოდიკა
942 _cCR
999 _c41580
_d41580